LEADER 00999nam a2200241 i 4500 001 000000208103 003 CaOOAMICUS 005 20111111000000.0 008 111111s1970 it u000 u ita u 013 $a186886 040 $aSeMil$bita 100 1 $a?ukov, Georgij Konstantonovic.$0(OLS)http://semarc/name/74706 240 10$aVospominanija i razmyslenija.$0(OLS)http://semarc/title/300947 245 10$aMemorie e battaglie /$cG. K. ?ukov. 260 $aMilano :$bRizzoli,$ccopyr. 1970. 300 $a766 p., [11] p. di tav. :$bcartine geogr. ;$c23 cm. 490 0 $aDocumenti Rizzoli 650 4$aGuerra mondiale <1939-1945> - Diari e memorie.$0(OLS)http://semarc/subject/2759 830 0$aDocumenti Rizzoli.$0(OLS)http://semarc/title/31312 850 $aSeMil 852 $aSeMil$W1$xVenegono$y1$m3U V 205$j158561$B158561$CSeMilBibl$Z2$F169697 $81 996 $6245$aMemorie e battaglie$9(OLS)http://semarc/title/300946 996 $6260$aMilano :$bRizzoli$9(OLS)http://semarc/publisher/29824 LEADER 00690naa a2200157 i 4500 001 000000295137 003 CaOOAMICUS 005 20180831172520.0 008 180831n xx u000 u und u 013 $a2433 040 $aSeMil$bita 100 1 $aRavasi, Gianfranco,$c.$0(OLS)http://semarc/name/244 245 13$aLe grandi "Dieci Parole" del Sinai. 650 4$aBibbia. Antico Testamento. Esodo - Commentari, studi, critica, interpretazioni.$0(OLS)http://semarc/subject/6072 773 0 $aLagorio, Gina <1922-2005>$tDecalogo di Kieslowski.$dCasale Monferrato (AL) : Piemme, 1992.$z88-384-1634-6$w()46643 996 $6245$aLe grandi "Dieci Parole" del Sinai$9(OLS)http://semarc/title/371200